000 00584cam a2200193 a 4500
001 000001513
005 20200929145614.0
008 820424s1964 sp 000 f spa
040 _aDO-SdBNP
_bspa
_cBNPHU
082 _a863.6
_bM538d
100 1 _aMendiola, José María,
_d1929-2003
_94998
245 1 0 _aDios en el suelo /
_cJosé María Mendiola.
260 _aBarcelona :
_bDestino,
_c1964.
300 _a145 p. ;
_c19 cm.
490 1 _aÁncora y delfín
_v254
650 4 _aNovela española
_91123
650 4 _aLiteratura española
_9632
830 0 _aÁncora y delfín ;
_v254
_94704
999 _c1417
_d1417